Some Experinces of an wish R.M (Record no. 1004381)

MARC details
000 -LEADER
fixed length control field 00485nam a2200181Ia 4500
008 - FIXED-LENGTH DATA ELEMENTS--GENERAL INFORMATION
fixed length control field 151018s9999 xx 000 0 und d
082 ## - DEWEY DECIMAL CLASSIFICATION NUMBER
Item number RBASDV1956
Classification number 823
100 ## - MAIN ENTRY--PERSONAL NAME
Personal name & ross Somerville
245 ## - TITLE STATEMENT
Title Some Experinces of an wish R.M
250 ## - EDITION STATEMENT
Remainder of edition statement 1
260 ## - PUBLICATION, DISTRIBUTION, ETC. (IMPRINT)
Name of publisher, distributor, etc Penguin Books
Date of publication, distribution, etc 1937
300 ## - PHYSICAL DESCRIPTION
Extent 256
600 ## - SUBJECT ADDED ENTRY--PERSONAL NAME
Personal name & ross Somerville
630 ## - SUBJECT ADDED ENTRY--UNIFORM TITLE
Uniform title Some Experinces of an wish R.M
700 ## - ADDED ENTRY--PERSONAL NAME
Personal name & ross Somerville
730 ## - ADDED ENTRY--UNIFORM TITLE
Uniform title Some Experinces of an wish R.M
942 ## - ADDED ENTRY ELEMENTS (KOHA)
Koha item type Book
Holdings
Withdrawn status Lost status Damaged status Not for loan Home library Current library Date acquired Cost, normal purchase price Total Checkouts Full call number Barcode Date last seen Cost, replacement price Price effective from Koha item type
        R.B. Anant Shivaji Desai Vachanalaya and Granthalaya, Kudal R.B. Anant Shivaji Desai Vachanalaya and Granthalaya, Kudal 07/18/1963 7.00   RBASDV1956 RBASDV1956 10/18/2015 7.00 10/18/2015 Book